Social Science Simplified (Record no. 204294)
[ view plain ]
| 000 -LEADER | |
|---|---|
| fixed length control field | 00468nam a2200193Ia 4500 |
| 008 - FIXED-LENGTH DATA ELEMENTS--GENERAL INFORMATION | |
| fixed length control field | 240823s9999||||xx |||||||||||||| ||und|| |
| 020 ## - INTERNATIONAL STANDARD BOOK NUMBER | |
| International Standard Book Number | 978-93-81714-25-6 |
| 082 ## - DEWEY DECIMAL CLASSIFICATION NUMBER | |
| -- | 531.43 Q3 |
| 100 ## - MAIN ENTRY--PERSONAL NAME | |
| Personal name | Helmut Kohnke |
| 245 #0 - TITLE STATEMENT | |
| Title | Social Science Simplified |
| 260 ## - PUBLICATION, DISTRIBUTION, ETC. (IMPRINT) | |
| Date of publication, distribution, etc | 2013 |
| Name of publisher, distributor, etc | Scientific Internat |
| 500 ## - GENERAL NOTE | |
| General note | YES |
| 650 ## - SUBJECT ADDED ENTRY--TOPICAL TERM | |
| Topical term or geographic name as entry element | Social Science |
| 700 ## - ADDED ENTRY--PERSONAL NAME | |
| Personal name | Franzmeier D P |
| 942 ## - ADDED ENTRY ELEMENTS (KOHA) | |
| Item type | Books |
| Withdrawn status | Lost status | Damaged status | Permanent location | Current location | Date acquired | Source of acquisition | Cost, normal purchase price | Full call number | Barcode | Date last seen | Koha item type |
|---|---|---|---|---|---|---|---|---|---|---|---|
| CENTRAL LIBRARY, NOORUL ISLAM CENTRE FOR HIGHER EDUCATION | CENTRAL LIBRARY, NOORUL ISLAM CENTRE FOR HIGHER EDUCATION | 05/22/2014 | Current Book House | 375.00 | 531.43 Q3 | 55125 | 08/23/2024 | Books |
